| 000 | 00000nam##2200000za#4500 |
| 001 | 9.639709 |
| 003 | CaOODSP |
| 005 | 20250319165015 |
| 007 | cr ||||||||||| |
| 008 | 150407|1999||||xxc|||||o f|0| 0 fre|d |
| 040 | |aCaOODSP|bfre |
| 043 | |an-cn--- |
| 086 | 1 |aH88-3/28-1999F-PDF |
| 110 | 2 |aConseil consultatif national sur le troisième âge (Canada) |
| 245 | 10|a1999 et après : |h[ressource électronique]|bles défis d'une société canadienne vieillissante / |c[publ. par] Conseil consultatif national sur le troisième âge. |
| 246 | 10|aLes défis d'une société canadienne vieillissante |
| 260 | |aOttawa - Ontario : |bSanté Canada. |cc1999. |
| 300 | |a89p.|bréférences, photographies |
| 500 | |aLe n° de catalogue (H88-3/28-1999F) et l'ISBN (0-662-83860-2) de l'édition imprimée ont été incorrectement copiés dans l'édition électronique. |
| 590 | |a12-17-Supp|b2012-04-20 |
| 691 | 07|aAîné|2gcpds |
| 691 | 07|aCondition de la personne âgée|2gcpds |
| 691 | 07|aVieillissement|2gcpds |
| 775 | 08|t1999 and beyond : |w(CaOODSP)9.695575 |
| 776 | 0#|tLes défis d'une société canadienne vieillissante : |w(CaOODSP)9.680823 |
| 856 | 40|ahttp://publications.gc.ca|qPDF|s448 Ko|uhttps://publications.gc.ca/collections/Collection/H88-3-28-1999F.pdf |